El humanismo imposible
Salvato in:
| Autore principale: | |
|---|---|
| Natura: | Libro |
| Lingua: | spagnolo |
| Pubblicazione: |
Madrid
Taurus
1975
|
| Serie: | Ensayistas, 135
|
| Soggetti: | |
| Tags: |
Aggiungi Tag
Nessun Tag, puoi essere il primo ad aggiungerne!!
|
MARC
| LEADER | 00000nam a2200000 a 4500 | ||
|---|---|---|---|
| 001 | UCP4409 | ||
| 003 | CL-VaPUC | ||
| 008 | 990724e19750000SP |||||||||||||||||spa|d | ||
| 082 | 0 | 4 | |a 144 |b CAS |2 21 |
| 100 | 0 | |a Castilla del Pino, Carlos |e author |9 431912 | |
| 245 | 1 | 3 | |a El humanismo imposible |
| 246 | 1 | 0 | |a Naturaleza del saber |
| 300 | |a 171 p | ||
| 942 | |c BK | ||
| 945 | |d 19990724 00:00:00 |a crobeson | ||
| 260 | |a Madrid |b Taurus |c 1975 | ||
| 650 | 0 | |a Humanismo |9 256530 | |
| 650 | 0 | |a Ideologías |9 255200 | |
| 650 | 7 | |a ESTRUCTURA SOCIAL |2 CL-VaPUC |9 431913 | |
| 650 | 0 | |a Epistemología |9 264994 | |
| 650 | 7 | |a DOGMATISMO |2 CL-VaPUC |9 337265 | |
| 583 | |a last modification |c 19990724 00:00:00 |k Rodrigo Vera | ||
| 490 | 0 | |a Ensayistas, 135 | |
| 999 | |c 282392 |d 282390 | ||
| 952 | |0 0 |1 0 |4 0 |6 144_000000000000000_CAS_1975 |7 0 |8 A |9 324069 |a BIBHIS |b BIBHIS |d 2019-11-20 |i 1354647 |o 144 CAS 1975 |p 1354647 |r 2025-01-20 |w 2019-11-20 |y BK |k HIS | ||